[Event "Køge Bugt Efterår 2011"]
[Site "Solrod Skole"]
[Date "2011.10.19"]
[Round "3.8"]
[White "Grum-Schwensen, Jens"]
[Black "Larsen, Bo Heine"]
[Result "0-1"]
[WhiteElo "1300"]
[BlackElo "1817"]
[PlyCount "78"]
[EventDate "2011.??.??"]
[WhiteTeam "Brøndbyernes Skakklub"]
[BlackTeam "Haslev Skakklub"]

1. e4 e5 2. Nf3 Nc6 3. d3 d6 4. Be3 f5 5. Nc3 f4 6. Bd2 Be6 7. g3 g5 8. gxf4
gxf4 9. Bg2 Bg4 10. Ne2 Nf6 11. c3 Bh6 12. Qc2 Nh5 13. d4 Qf6 14. d5 Ne7 15.
O-O-O Ng6 16. h4 Ne7 17. Qd3 a6 18. Bh3 Bxh3 19. Rxh3 Rg8 20. Nh2 O-O-O 21. Qf3
Qf7 22. c4 Nf6 23. Nxf4 Bxf4 24. Bxf4 exf4 25. Qxf4 Qg7 26. Rg3 Qh8 27. Rg5 Kb8
28. h5 Rdf8 29. Rxg8 Qxg8 30. Qh4 Qg7 31. Nf3 h6 32. Rg1 Qh7 33. Nd2 Nd7 34. f4
Nc5 35. f5 Nd3+ 36. Kb1 Qh8 37. f6 Rxf6 38. Qg3 Rf1+ 39. Nxf1 Qxb2# 0-1

[Event "Køge Bugt Efterår 2011"]
[Site "Solrod Skole"]
[Date "2011.10.26"]
[Round "4.1"]
[White "Jørgensen, Leif"]
[Black "Ambirk, Jan Robert"]
[Result "1/2-1/2"]
[WhiteElo "1661"]
[BlackElo "1801"]
[PlyCount "53"]
[EventDate "2011.??.??"]
[WhiteTeam "Solrød Skakklub"]
[BlackTeam "Vordingborg Skakklub"]

1. d4 d6 2. c4 g6 3. Nf3 Bg7 4. e4 Bg4 5. Be2 Nc6 6. Be3 e5 7. d5 Bxf3 8. Bxf3
Nd4 9. Nd2 c6 10. Nb3 Qb6 11. Rc1 c5 12. O-O Ne7 13. Re1 Nxf3+ 14. Qxf3 O-O 15.
Bd2 Qc7 16. Qh3 Qc8 17. Qh4 Qd7 18. Rc3 f5 19. Bg5 Kf7 20. Nd2 h6 21. Bxe7 Qxe7
22. Qxe7+ Kxe7 23. Rb3 b6 24. Ree3 Bf6 25. Nf3 Bg5 26. Nxg5 hxg5 27. exf5
1/2-1/2

[Event "Køge Bugt Efterår 2011"]
[Site "Solrod Skole"]
[Date "2011.10.26"]
[Round "4.2"]
[White "Orup, Kim Amdi"]
[Black "Larsen, Paul M"]
[Result "1-0"]
[WhiteElo "1830"]
[BlackElo "1641"]
[PlyCount "59"]
[EventDate "2011.??.??"]
[WhiteTeam "Solrød Skakklub"]
[BlackTeam "Haslev Skakklub"]

1. e4 c6 2. d4 d5 3. Nc3 dxe4 4. Nxe4 Bf5 5. Ng3 Bg6 6. Nf3 e6 7. Ne5 Nd7 8.
Nxg6 hxg6 9. Bd3 Ngf6 10. c3 Bd6 11. Nf1 Qc7 12. g3 c5 13. Be3 c4 14. Be2 Nd5
15. Bf3 N7f6 16. Qa4+ Qc6 17. Qxc6+ bxc6 18. Nd2 Rb8 19. Nxc4 Kd7 20. O-O-O
Nxe3 21. fxe3 Kc7 22. e4 Nh5 23. e5 Be7 24. Kc2 f6 25. a3 f5 26. Na5 Rb6 27.
Nc4 Rb7 28. b4 Rhb8 29. Rb1 g5 30. Bxh5 1-0

[Event "Køge Bugt Efterår 2011"]
[Site "Solrod Skole"]
[Date "2011.10.26"]
[Round "4.3"]
[White "Kieldsen, Seier"]
[Black "Krogh, Peter Ove"]
[Result "0-1"]
[WhiteElo "1000"]
[BlackElo "1906"]
[PlyCount "61"]
[EventDate "2011.??.??"]
[WhiteTeam "Solrød Skakklub"]
[BlackTeam "Køge Skakklub"]

1. d4 Nf6 2. Nc3 d5 3. Nf3 Nbd7 4. e3 e6 5. a3 c5 6. b3 Be7 7. Bd3 a6 8. Bd2 b5
9. dxc5 Nxc5 10. b4 Ncd7 11. a4 bxa4 12. Nxa4 Rb8 13. c3 O-O 14. Nd4 Bb7 15.
Bxa6 Bxa6 16. Nc6 Qe8 17. Nxb8 Qxb8 18. Nb2 Bb5 19. Qc2 Ne5 20. f4 Nc4 21. Nxc4
Bxc4 22. h3 Ne4 23. g4 Bh4+ 24. Kd1 Nf2+ 25. Kc1 Nxh1 26. e4 Nf2 27. exd5 Nd3+
28. Kb1 exd5 29. g5 f6 30. Qd1 fxg5 31. Qg4 0-1

[Event "Køge Bugt Efterår 2011"]
[Site "Solrod Skole"]
[Date "2011.10.26"]
[Round "4.4"]
[White "Larsen, Bo Heine"]
[Black "Trærup, Jørgen"]
[Result "1-0"]
[WhiteElo "1817"]
[BlackElo "1705"]
[PlyCount "43"]
[EventDate "2011.??.??"]
[WhiteTeam "Haslev Skakklub"]
[BlackTeam "BMS Skak"]

1. e4 e5 2. Bc4 Be7 3. Qh5 Nh6 4. d4 O-O 5. Bxh6 d6 6. Be3 Bf6 7. Ne2 Nc6 8. c3
a6 9. h4 Ne7 10. Nd2 Bd7 11. Qf3 Qc8 12. g3 Bg4 13. Qg2 c6 14. Bg5 d5 15. Bxf6
gxf6 16. Bd3 Qd7 17. f3 Be6 18. h5 Qc7 19. Qh2 c5 20. Qh4 exd4 21. Qxf6 c4 22.
h6 1-0

[Event "Køge Bugt Efterår 2011"]
[Site "Solrod Skole"]
[Date "2011.10.26"]
[Round "4.5"]
[White "Refsgaard, Kaj"]
[Black "Dyremose, Morten Sigvart"]
[Result "1-0"]
[WhiteElo "1738"]
[BlackElo "1135"]
[PlyCount "24"]
[EventDate "2011.??.??"]
[WhiteTeam "Jernbanens Skakklub"]
[BlackTeam "Brøndbyernes Skakklub"]

1. g3 d5 2. Nf3 Nc6 3. d3 e5 4. Bg2 Nf6 5. O-O g6 6. Nbd2 Bg7 7. c4 dxc4 8.
Nxc4 O-O 9. Bg5 h6 10. Bd2 Nd4 11. Nxd4 exd4 12. f4 Kh7 1-0

[Event "Køge Bugt Efterår 2011"]
[Site "Solrod Skole"]
[Date "2011.10.26"]
[Round "4.6"]
[White "Krag-Jacobsen, Alan"]
[Black "Hellum, Oliver"]
[Result "0-1"]
[WhiteElo "1683"]
[BlackElo "1481"]
[PlyCount "120"]
[EventDate "2011.??.??"]
[WhiteTeam "Solrød Skakklub"]
[BlackTeam "BMS Skak"]

1. e4 c5 2. c3 Nf6 3. e5 Nd5 4. Bc4 Nb6 5. Bb3 c4 6. Bc2 Nc6 7. Nf3 Qc7 8. Qe2
e6 9. O-O d6 10. exd6 Bxd6 11. d3 cxd3 12. Bxd3 Nd5 13. Qc2 Kf8 14. a4 e5 15.
Na3 Bg4 16. Ng5 Bxa3 17. Nxh7+ Ke7 18. Rxa3 f6 19. Re1 Rad8 20. Bf5 Bxf5 21.
Qxf5 Rdg8 22. Qf3 Nb6 23. Ng5 fxg5 24. Bxg5+ Ke8 25. Raa1 Qf7 26. Qe4 Qh5 27.
Bf4 Nd7 28. b4 Kd8 29. Rad1 Qh7 30. Qd5 Qf5 31. Bg3 Re8 32. b5 Na5 33. c4 Kc8
34. c5 Qe6 35. Qd2 Nb3 36. Qc3 Nbxc5 37. f3 Qb3 38. Qd2 Qxa4 39. Rc1 Qd4+ 40.
Qxd4 exd4 41. Bf2 Rxe1+ 42. Bxe1 Kd8 43. Rd1 Re8 44. Bf2 d3 45. h4 Ke7 46. h5
Kf7 47. g4 Re2 48. Kf1 Rb2 49. Kg1 Rxb5 50. Ra1 d2 51. Be3 Nb3 52. Rd1 a5 53.
Kf1 Rd5 54. Ke2 a4 55. Bxd2 Rxd2+ 56. Rxd2 Nxd2 57. Kxd2 Nf6 58. Kc3 Nxg4 59.
fxg4 Kf6 60. Kb4 b5 0-1

[Event "Køge Bugt Efterår 2011"]
[Site "Solrod Skole"]
[Date "2011.10.26"]
[Round "4.7"]
[White "Nielsen, Kai Gylling"]
[Black "Grum-Schwensen, Jens"]
[Result "1-0"]
[WhiteElo "1910"]
[BlackElo "1300"]
[PlyCount "101"]
[EventDate "2011.??.??"]
[WhiteTeam "Roskilde Skakklub"]
[BlackTeam "Brøndbyernes Skakklub"]

1. b3 e5 2. Bb2 Nc6 3. e3 Nf6 4. Nf3 d6 5. h3 Bf5 6. d3 Be7 7. e4 Be6 8. c4 Nd7
9. g4 h6 10. Nc3 Nd4 11. Nd5 Nxf3+ 12. Qxf3 c6 13. Nxe7 Qxe7 14. d4 exd4 15.
Bxd4 Ne5 16. Qg3 f6 17. O-O-O c5 18. Bc3 O-O 19. f4 Nf7 20. Bd3 Nd8 21. e5 dxe5
22. fxe5 fxe5 23. Qxe5 Qg5+ 24. Qxg5 hxg5 25. Bd2 Nf7 26. Bg6 Ne5 27. Be4 Rad8
28. Bxg5 Rxd1+ 29. Rxd1 b6 30. Kb2 Nf3 31. Be7 Re8 32. Bxc5 Bxc4 33. Bxf3 Bxb3
34. axb3 bxc5 35. Bd5+ Kh8 36. Bc4 g6 37. Bf7 Re2+ 38. Ka3 Kg7 39. Rd7 Rh2 40.
g5 a6 41. Be8+ Kf8 42. Bxg6 Rxh3 43. Rc7 Rg3 44. Rxc5 Kg7 45. Bc2 Kf8 46. Ka4
Ke7 47. Ka5 Kd6 48. b4 Rg4 49. Bd3 Rg3 50. Bxa6 Ra3+ 51. Kb6 1-0

[Event "Køge Bugt Efterår 2011"]
[Site "Solrod Skole"]
[Date "2011.11.09"]
[Round "5.1"]
[White "Jørgensen, Leif"]
[Black "Christensen, Verner"]
[Result "0-1"]
[WhiteElo "1661"]
[BlackElo "1910"]
[PlyCount "23"]
[EventDate "2011.??.??"]
[WhiteTeam "Solrød Skakklub"]
[BlackTeam "Solrød Skakklub"]

1. e4 e5 2. Nf3 Nc6 3. Bc4 Nf6 4. d3 Be7 5. O-O O-O 6. Nc3 Na5 7. Nxe5 d6 8.
Nf3 Nxc4 9. dxc4 Be6 10. b3 Qd7 11. Ng5 Bg4 12. h3 0-1

[Event "Køge Bugt Efterår 2011"]
[Site "Solrod Skole"]
[Date "2011.11.09"]
[Round "5.2"]
[White "Ambirk, Jan Robert"]
[Black "Orup, Kim Amdi"]
[Result "1-0"]
[WhiteElo "1801"]
[BlackElo "1830"]
[PlyCount "80"]
[EventDate "2011.??.??"]
[WhiteTeam "Vordingborg Skakklub"]
[BlackTeam "Solrød Skakklub"]

1. e4 e5 2. Nf3 Nf6 3. Bc4 Nxe4 4. Nc3 Nd6 5. Bb3 Nc6 6. O-O Be7 7. Re1 O-O 8.
d4 exd4 9. Nd5 Bf6 10. Bf4 Ne8 11. Rxe8 Rxe8 12. Bxc7 d6 13. Bxd8 Bxd8 14. Nxd4
Bd7 15. Nb5 Rc8 16. Nxd6 Na5 17. Qf3 Rf8 18. Nxc8 Bxc8 19. Re1 Bd7 20. Ne7+ Kh8
21. Nf5 Bf6 22. Nd6 Nxb3 23. Qxb3 Be6 24. Nxf7+ Rxf7 25. Qxe6 Kg8 26. Qc4 g6
27. Re8+ Kg7 28. Qc8 Bxb2 29. Rg8+ Kf6 30. Rf8 Ke7 31. Rxf7+ Kxf7 32. Qxb7+ Kf6
33. Qxb2+ Kg5 34. Qe5+ Kh6 35. c4 a5 36. c5 a4 37. c6 g5 38. g4 Kg6 39. c7 a3
40. c8=Q h5 1-0

[Event "Køge Bugt Efterår 2011"]
[Site "Solrod Skole"]
[Date "2011.11.09"]
[Round "5.3"]
[White "Krogh, Peter Ove"]
[Black "Refsgaard, Kaj"]
[Result "1-0"]
[WhiteElo "1906"]
[BlackElo "1738"]
[PlyCount "20"]
[EventDate "2011.??.??"]
[WhiteTeam "Køge Skakklub"]
[BlackTeam "Jernbanens Skakklub"]

1. c4 c5 2. Nc3 Nc6 3. g3 g6 4. Bg2 d6 5. e3 Bg7 6. Nge2 Nf6 7. d4 cxd4 8. exd4
O-O 9. O-O Rb8 10. Bf4 b6 1-0

[Event "Køge Bugt Efterår 2011"]
[Site "Solrod Skole"]
[Date "2011.11.09"]
[Round "5.4"]
[White "Larsen, Bo Heine"]
[Black "Dyremose, Flemming"]
[Result "1-0"]
[WhiteElo "1817"]
[BlackElo "1720"]
[PlyCount "37"]
[EventDate "2011.??.??"]
[WhiteTeam "Haslev Skakklub"]
[BlackTeam "Brøndbyernes Skakklub"]

1. e4 c5 2. d4 cxd4 3. c3 dxc3 4. Nxc3 d6 5. Nf3 Nc6 6. Bc4 Nf6 7. e5 Ng4 8. e6
Bxe6 9. Bxe6 fxe6 10. Ng5 Nf6 11. Nxe6 Qd7 12. Qe2 Ne5 13. Nb5 Kf7 14. Nbc7 Rc8
15. f4 Nc6 16. Ng5+ Kg8 17. Nge6 Rxc7 18. Nxc7 Qxc7 19. Qe6# 1-0

[Event "Køge Bugt Efterår 2011"]
[Site "Solrod Skole"]
[Date "2011.11.09"]
[Round "5.5"]
[White "Trærup, Jørgen"]
[Black "Nielsen, Kai Gylling"]
[Result "0-1"]
[WhiteElo "1705"]
[BlackElo "1910"]
[PlyCount "124"]
[EventDate "2011.??.??"]
[WhiteTeam "BMS Skak"]
[BlackTeam "Roskilde Skakklub"]

1. d4 Nf6 2. c4 e6 3. Nf3 b6 4. g3 Bb7 5. Bg2 d5 6. cxd5 Bxd5 7. O-O Nbd7 8.
Nc3 Bb7 9. Re1 Bb4 10. Bg5 h6 11. Bd2 O-O 12. a3 Be7 13. e4 c5 14. e5 Nd5 15.
Nxd5 Bxd5 16. Bc3 Rc8 17. b4 c4 18. a4 a6 19. a5 b5 20. Nd2 Bxg2 21. Kxg2 Nb8
22. Nf3 Nc6 23. Rb1 Qd5 24. Kg1 f5 25. h3 Rcd8 26. Re3 f4 27. gxf4 Rxf4 28. Rb2
Rdf8 29. Kg2 R8f5 30. Kg3 Qd8 31. Kg2 Qf8 32. d5 Nd8 33. d6 Bg5 34. Nxg5 Rxf2+
35. Rxf2 Rxf2+ 36. Kg1 hxg5 37. Qe1 Rf5 38. Re2 Qf7 39. Rf2 g6 40. Qe3 Rxf2 41.
Qxf2 Qf5 42. Kg2 g4 43. hxg4 Qxg4+ 44. Qg3 Qe4+ 45. Kh2 Nc6 46. Qf3 Qf5 47.
Qxf5 gxf5 48. Kg3 Kf7 49. Kf4 Ke8 50. Kg5 Kd7 51. Kf4 Nd8 52. Kg5 Kc6 53. Kf6
f4 54. Ke7 Nb7 55. Bd2 f3 56. Be3 c3 57. d7 c2 58. d8=Q Nxd8 59. Kxd8 f2 60.
Bxf2 c1=Q 61. Bc5 Qg5+ 62. Kc8 Qg8+ 0-1

[Event "Køge Bugt Efterår 2011"]
[Site "Solrod Skole"]
[Date "2011.11.09"]
[Round "5.6"]
[White "Dyremose, Morten Sigvart"]
[Black "Nielsen, Steen"]
[Result "0-1"]
[WhiteElo "1135"]
[BlackElo "1732"]
[PlyCount "58"]
[EventDate "2011.??.??"]
[WhiteTeam "Brøndbyernes Skakklub"]
[BlackTeam "Solrød Skakklub"]

1. e4 c5 2. Nf3 e6 3. d4 cxd4 4. Nxd4 Nc6 5. Be3 Nf6 6. Nc3 a6 7. Be2 Bb4 8.
Qd3 Bxc3+ 9. bxc3 Ne5 10. Qd1 Nxe4 11. Bd2 d5 12. O-O Qc7 13. Qe1 O-O 14. Bd3
Nxd2 15. Qxd2 b5 16. Rfe1 Ng4 17. g3 e5 18. Nf5 e4 19. Qg5 Bxf5 20. Qxf5 Nh6
21. Qxd5 exd3 22. Qxd3 Rad8 23. Qf3 Rd2 24. Rac1 Rfd8 25. Qe4 Qd7 26. Qf3 Ng4
27. Rf1 Ne5 28. Qe3 Qd5 29. f4 Qg2# 0-1

[Event "Køge Bugt Efterår 2011"]
[Site "Solrod Skole"]
[Date "2011.11.09"]
[Round "5.7"]
[White "Larsen, Paul M"]
[Black "Kieldsen, Seier"]
[Result "1-0"]
[WhiteElo "1641"]
[BlackElo "1000"]
[PlyCount "71"]
[EventDate "2011.??.??"]
[WhiteTeam "Haslev Skakklub"]
[BlackTeam "Solrød Skakklub"]

1. d4 d5 2. c4 g6 3. Nc3 Nf6 4. cxd5 Nxd5 5. e4 Nxc3 6. bxc3 Bg7 7. Bc4 c5 8.
Qb3 e6 9. d5 Qf6 10. Ne2 O-O 11. Bf4 exd5 12. Bxd5 Nc6 13. Rd1 b6 14. e5 Qe7
15. Bxc6 Bb7 16. Bxb7 Qxb7 17. O-O a5 18. Qd5 Qa6 19. c4 Rad8 20. Qe4 b5 21.
cxb5 Qxb5 22. Qc2 Rfe8 23. Nc3 Qc4 24. Bg5 Rxd1 25. Rxd1 Bxe5 26. Rc1 Bxc3 27.
Bd2 Re2 28. Qxc3 Qxc3 29. Bxc3 Rxa2 30. Bf6 Rd2 31. g3 Rd5 32. Rc4 Kf8 33. Bc3
Rd1+ 34. Kg2 Rc1 35. Bg7+ Kxg7 36. Rxc1 1-0

[Event "Køge Bugt Efterår 2011"]
[Site "Solrod Skole"]
[Date "2011.11.09"]
[Round "5.8"]
[White "Grum-Schwensen, Jens"]
[Black "Hansen, Erik Levin"]
[Result "0-1"]
[WhiteElo "1300"]
[BlackElo "1796"]
[PlyCount "48"]
[EventDate "2011.??.??"]
[WhiteTeam "Brøndbyernes Skakklub"]
[BlackTeam "Haslev Skakklub"]

1. d4 Nf6 2. Nc3 d5 3. g3 c6 4. Bg2 e6 5. Nf3 Nbd7 6. O-O Bd6 7. b3 Qc7 8. e3
b6 9. Nd2 O-O 10. e4 dxe4 11. Ndxe4 Nd5 12. Nxd5 exd5 13. Nxd6 Qxd6 14. a4 Re8
15. Re1 Ba6 16. Bf4 Qg6 17. Bf1 Rxe1 18. Qxe1 Bxf1 19. Qe7 Bh3 20. Re1 Be6 21.
Qd6 Rc8 22. c4 h6 23. Rc1 Qe4 24. Rf1 Qf3 0-1

[Event "Køge Bugt Efterår 2011"]
[Site "Solrod Skole"]
[Date "2011.11.30"]
[Round "7.1"]
[White "Larsen, Bo Heine"]
[Black "Christensen, Verner"]
[Result "0-1"]
[WhiteElo "1817"]
[BlackElo "1910"]
[PlyCount "54"]
[EventDate "2011.??.??"]
[WhiteTeam "Haslev Skakklub"]
[BlackTeam "Solrød Skakklub"]

1. e4 e5 2. Nf3 Nc6 3. Bc4 Nf6 4. O-O Nxe4 5. d4 d5 6. Bb3 exd4 7. Nxd4 Bc5 8.
Be3 Bb6 9. c3 O-O 10. Qh5 Nf6 11. Qh4 Ne5 12. Bc2 Ng6 13. Bxg6 fxg6 14. Nd2 Bg4
15. h3 Bf5 16. g4 Bd7 17. Bg5 h6 18. Be3 Ne4 19. Qxd8 Raxd8 20. Rac1 Nxd2 21.
Bxd2 c5 22. Nc2 Bb5 23. Rfe1 d4 24. Re7 Rf3 25. Kg2 Rdf8 26. Be1 Bc6 27. Kh2 d3
0-1

[Event "Køge Bugt Efterår 2011"]
[Site "Solrod Skole"]
[Date "2011.11.30"]
[Round "7.2"]
[White "Ambirk, Jan Robert"]
[Black "Krogh, Peter Ove"]
[Result "0-1"]
[WhiteElo "1801"]
[BlackElo "1906"]
[PlyCount "124"]
[EventDate "2011.??.??"]
[WhiteTeam "Vordingborg Skakklub"]
[BlackTeam "Køge Skakklub"]

1. e4 c5 2. Nc3 a6 3. g3 b5 4. Bg2 Bb7 5. d3 e6 6. Bf4 Ne7 7. Nge2 Ng6 8. Be3
Nc6 9. Qd2 Qa5 10. O-O b4 11. Nd1 Qc7 12. f4 Be7 13. Nf2 O-O 14. Ng4 h5 15. f5
Nge5 16. Nxe5 Nxe5 17. f6 Bxf6 18. Nf4 Bg5 19. Nxh5 Bxe3+ 20. Qxe3 f6 21. Qe2
d5 22. Nf4 Qd6 23. exd5 Bxd5 24. Nxd5 exd5 25. Qh5 Rad8 26. Rae1 Rd7 27. Bh3 g6
28. Qe2 Re7 29. Qd2 Kg7 30. d4 Nc4 31. Rxe7+ Qxe7 32. Re1 Qd6 33. Qf2 cxd4 34.
Qxd4 Qb6 35. Qxb6 Nxb6 36. Re6 Rb8 37. Bg2 Kf7 38. Rd6 Ke7 39. Rc6 a5 40. Rc7+
Kd6 41. Rf7 Ke5 42. Re7+ Kd6 43. Rg7 g5 44. Bh3 Rh8 45. Bf5 Nc4 46. Ra7 Nxb2
47. Rxa5 Ke5 48. g4 Rh3 49. Rb5 Ra3 50. Rxb4 Rxa2 51. Rb6 Ra1+ 52. Kg2 Nc4 53.
Rxf6 Kxf6 54. Bd3 Ke5 55. h4 gxh4 56. g5 Ne3+ 57. Kh2 Nf5 58. g6 Ra7 59. Kh3
Rg7 60. Bxf5 Kxf5 61. Kxh4 Rxg6 62. Kh5 Rg2 0-1

[Event "Køge Bugt Efterår 2011"]
[Site "Solrod Skole"]
[Date "2011.11.30"]
[Round "7.3"]
[White "Jørgensen, Leif"]
[Black "Nielsen, Kai Gylling"]
[Result "0-1"]
[WhiteElo "1661"]
[BlackElo "1910"]
[PlyCount "166"]
[EventDate "2011.??.??"]
[WhiteTeam "Solrød Skakklub"]
[BlackTeam "Roskilde Skakklub"]

1. e4 c5 2. Nf3 Nc6 3. Bc4 e6 4. Nc3 a6 5. a4 Nge7 6. O-O g6 7. Ne2 Bg7 8. c3
d5 9. exd5 exd5 10. Ba2 Bg4 11. Ng3 Ne5 12. h3 Bxf3 13. gxf3 Qd7 14. Kg2 O-O
15. d4 cxd4 16. cxd4 N5c6 17. Be3 h5 18. Rh1 h4 19. Ne2 Rac8 20. Bb1 Nf5 21.
Ba2 Rfe8 22. Qd2 a5 23. Bb3 Re7 24. Nf4 Nb4 25. Rac1 Rce8 26. Rhe1 Qd6 27. Rc5
g5 28. Nxd5 Nxe3+ 29. Nxe3 Qg6 30. Bc4 b6 31. Rb5 Kh8 32. Rd1 Rd8 33. Nf5 Rc7
34. Bd3 Nxd3 35. Qxd3 Bf8 36. d5 Bc5 37. Qc3+ Kh7 38. Qd3 Rcd7 39. Qe4 Kg8 40.
d6 Kf8 41. Qe5 f6 42. Qe6 Qf7 43. Qxf7+ Kxf7 44. Rb3 Ke6 45. Ne3 Rxd6 46. Rxd6+
Rxd6 47. Nc4 Rc6 48. Ne3 f5 49. Rd3 f4 50. Ng4 Bb4 51. Rd8 Rc2 52. Rb8 Bc5 53.
Rg8 Kf5 54. Re8 Rxb2 55. Re5+ Kg6 56. Re6+ Kf7 57. Rf6+ Kg7 58. Re6 Ra2 59. Re4
Bb4 60. Rc4 Rxa4 61. Rc7+ Kf8 62. Rc8+ Ke7 63. Ne5 Ke6 64. Nc4 Bc5 65. Nxb6
Bxb6 66. Rc6+ Kf5 67. Rxb6 Ra1 68. Rb5+ Kg6 69. Rb6+ Kh5 70. Ra6 a4 71. Ra7 a3
72. Ra6 a2 73. Ra7 Kg6 74. Ra5 Kf6 75. Ra6+ Ke5 76. Ra5+ Kd4 77. Rxg5 Rb1 78.
Ra5 a1=Q 79. Rxa1 Rxa1 80. Kh2 Ra3 81. Kg2 Rb3 82. Kh2 Rxf3 83. Kg2 Ke4 0-1

[Event "Køge Bugt Efterår 2011"]
[Site "Solrod Skole"]
[Date "2011.11.30"]
[Round "7.4"]
[White "Refsgaard, Kaj"]
[Black "Orup, Kim Amdi"]
[Result "1-0"]
[WhiteElo "1738"]
[BlackElo "1830"]
[PlyCount "71"]
[EventDate "2011.??.??"]
[WhiteTeam "Jernbanens Skakklub"]
[BlackTeam "Solrød Skakklub"]

1. d4 f5 2. Nf3 d6 3. g3 Nf6 4. Bg2 c6 5. c4 g6 6. Bf4 Bg7 7. Qc1 O-O 8. Bh6
Re8 9. Bxg7 Kxg7 10. O-O Nbd7 11. Nc3 Nf8 12. Re1 h6 13. Qc2 N8h7 14. Rad1 Qc7
15. Nh4 e6 16. e4 g5 17. Nf3 Bd7 18. e5 Ng8 19. Qd2 d5 20. cxd5 cxd5 21. Qd3
Qd8 22. Rc1 Kf7 23. Nb5 Bxb5 24. Qxb5 b6 25. Rc3 Rc8 26. Rec1 Rxc3 27. Rxc3 Ne7
28. Bf1 Qb8 29. Qa4 Nf8 30. Bb5 Rc8 31. Rxc8 Nxc8 32. Be8+ Ke7 33. Bh5 Nd7 34.
Qb4+ Kd8 35. Bf7 a5 36. Qa3 1-0

[Event "Køge Bugt Efterår 2011"]
[Site "Solrod Skole"]
[Date "2011.11.30"]
[Round "7.5"]
[White "Larsen, Paul M"]
[Black "Hansen, Erik Levin"]
[Result "0-1"]
[WhiteElo "1641"]
[BlackElo "1796"]
[PlyCount "96"]
[EventDate "2011.??.??"]
[WhiteTeam "Haslev Skakklub"]
[BlackTeam "Haslev Skakklub"]

1. d4 Nf6 2. c4 c5 3. Nf3 g6 4. Nc3 Bg7 5. e4 cxd4 6. Nxd4 Nc6 7. Be3 Qa5 8.
Be2 Nxe4 9. O-O Nxc3 10. bxc3 O-O 11. Nxc6 dxc6 12. Qb3 Qxc3 13. Rac1 Qxb3 14.
axb3 Be6 15. Bc5 Rfe8 16. Rcd1 b6 17. Ba3 c5 18. Bf3 Rad8 19. Bc6 Rf8 20. Kh1
Rd6 21. Rxd6 exd6 22. Bd5 Bxd5 23. cxd5 Re8 24. g3 Re2 25. Bc1 Bc3 26. Bf4 Be5
27. Bxe5 Rxe5 28. Rd1 Re4 29. Kg2 Kg7 30. Kf3 Re5 31. g4 h5 32. h3 hxg4+ 33.
hxg4 f5 34. gxf5 gxf5 35. Kf4 a5 36. Kg5 b5 37. f4 Re3 38. Kxf5 a4 39. Rg1+ Kf7
40. bxa4 bxa4 41. Rg6 a3 42. Rxd6 Rd3 43. Ra6 Rxd5+ 44. Ke4 Rd4+ 45. Ke5 Rd3
46. Ra7+ Ke8 47. Ke6 Kd8 48. f5 c4 0-1

[Event "Køge Bugt Efterår 2011"]
[Site "Solrod Skole"]
[Date "2011.11.30"]
[Round "7.7"]
[White "Dyremose, Morten Sigvart"]
[Black "Hellum, Oliver"]
[Result "0-1"]
[WhiteElo "1135"]
[BlackElo "1481"]
[PlyCount "110"]
[EventDate "2011.??.??"]
[WhiteTeam "Brøndbyernes Skakklub"]
[BlackTeam "BMS Skak"]

1. e4 c5 2. Nf3 d6 3. d4 cxd4 4. Nxd4 Nf6 5. Nc3 a6 6. Be2 e5 7. Nb3 Be7 8. Bg5
Nc6 9. O-O b5 10. Bxf6 Bxf6 11. Nd5 O-O 12. c3 Bb7 13. Qc2 Rc8 14. Bg4 Ra8 15.
Rad1 Bg5 16. Qd3 h6 17. Qg3 Re8 18. Nd2 Qa5 19. Qd3 Rad8 20. a3 Ne7 21. Nxe7+
Bxe7 22. f4 exf4 23. Rxf4 Bg5 24. Rff1 Bxd2 25. Qxd2 Bxe4 26. Qf4 Qb6+ 27. Kh1
Bg6 28. Bf5 d5 29. Qf3 Bxf5 30. Qxf5 Qe6 31. Qf3 Re7 32. h3 Qe4 33. Qf2 Qe2 34.
Kg1 Qxf2+ 35. Rxf2 f6 36. Kf1 Kf7 37. Rfd2 Re5 38. b3 Ke7 39. Re2 Rd7 40. c4
bxc4 41. bxc4 Rxe2 42. Kxe2 dxc4 43. Rxd7+ Kxd7 44. Kd2 Kd6 45. Kc3 Kc5 46. Kc2
Kd4 47. Kd2 c3+ 48. Kc2 a5 49. g3 f5 50. h4 g5 51. hxg5 hxg5 52. Kc1 Kd3 53.
Kd1 c2+ 54. Kc1 f4 55. gxf4 gxf4 0-1

[Event "Køge Bugt Efterår 2011"]
[Site "Solrod Skole"]
[Date "2011.11.30"]
[Round "7.8"]
[White "Trærup, Jørgen"]
[Black "Grum-Schwensen, Jens"]
[Result "0-1"]
[WhiteElo "1705"]
[BlackElo "1300"]
[PlyCount "104"]
[EventDate "2011.??.??"]
[WhiteTeam "BMS Skak"]
[BlackTeam "Brøndbyernes Skakklub"]

1. d4 d5 2. Nf3 Nf6 3. e3 Bf5 4. Bd3 Be4 5. Bxe4 Nxe4 6. Nbd2 c6 7. O-O Nd7 8.
Nxe4 dxe4 9. Nd2 Nf6 10. f3 exf3 11. Qxf3 e6 12. Nc4 Be7 13. Ne5 O-O 14. Bd2
Qd5 15. c4 Qxf3 16. Rxf3 Ne4 17. Bc3 Rad8 18. c5 f6 19. Nc4 Rd7 20. Raf1 Bd8
21. a4 Bc7 22. Be1 b6 23. cxb6 axb6 24. b4 Rd5 25. a5 bxa5 26. bxa5 Ra8 27. Nb6
Bxb6 28. axb6 Rb5 29. Rf4 f5 30. g4 Rf8 31. gxf5 exf5 32. b7 g6 33. h4 Rxb7 34.
h5 Rb3 35. hxg6 hxg6 36. R4f3 Rb2 37. Ba5 Ra2 38. Be1 Rb8 39. Rf4 Kg7 40. Bf2
Kf6 41. Rc1 Rb6 42. Rh4 Rbb2 43. Rxc6+ Kg5 44. Rxe4 Rxf2 45. Rf4 Rfd2 46. Rc1
Rg2+ 47. Kf1 Rh2 48. Kg1 Rag2+ 49. Kf1 Rg3 50. Re1 Rh1+ 51. Ke2 Rxe1+ 52. Kxe1
Rxe3+ 0-1